Brontë Novels Quiz Stats

Quiz Updated Oct 27, 2016

Also try: Jane Austen Novels
Challenge
Share
Tweet
Embed
Score 0/7 Timer 03:00
0 Plays Today
Sister Novel % Correct
EmilyWuthering Heights
96.3%
CharlotteJane Eyre
92.3%
CharlotteVillette
39.1%
AnneAgnes Grey
38%
AnneThe Tenant of Wildfell Hall
37.4%
CharlotteThe Professor
25.7%
CharlotteShirley
25.3%

You're not logged in!

Compare scores with friends on all Sporcle quizzes.
Sign Up with Email
OR
Log In

You Might Also Like...

Show Comments

Extras

Top Quizzes Today


Score Distribution

Your Account Isn't Verified!

In order to create a playlist on Sporcle, you need to verify the email address you used during registration. Go to your Sporcle Settings to finish the process.